| 000 | 01241nam2a2200301 4500 | ||
|---|---|---|---|
| 001 | rc\3004757 | ||
| 005 | 20241018133555.0 | ||
| 035 | _a(NLR Aleph) 007147705 | ||
| 090 |
_a13616155 _c13616155 |
||
| 100 | _a20110920d1945 |||y0rusy50 ca | ||
| 101 | 0 | _arus | |
| 102 | _aRU | ||
| 105 | _aa z ||||| | ||
| 200 | 0 | _a[Вып. 1] | |
| 210 | _d1945 | ||
| 215 |
_a171 с., 1 вкл. л. ил. _cил. _d25 см |
||
| 300 | _aНа обороте тит. л.: В составлении приняли участие: проф. Архангельский А.Г., инж. Бреховских С.М., Петров Г.П. и др. | ||
| 300 | _aНа пер. загл.: Отделочные материалы | ||
| 461 | 0 |
_1001rc\3004756 _12000#$aОтделочные материалы для Дворца советов$e[Сборник]$fУпр. стр-ва Дворца советов$v[Вып. 1] |
|
| 702 | 1 |
_aАрхангельский _bА. Г. _f1880- _gАркадий Григорьевич _4220 |
|
| 702 | 1 |
_aБреховских _bС. М. _4220 |
|
| 702 | 1 |
_aПетров _bГ. П. _4220 |
|
| 801 | 0 |
_aRU _bNLR _gpsbo |
|
| 801 | 1 |
_aRU _bELAR _2rusmarc |
|
| 852 |
_aNLR _jТ80 Г-7/54(1) |
||
| 942 | _cBOOK | ||
| 980 | _aNB | ||